| 000 | 00683nam a2200181 a 4500 | ||
|---|---|---|---|
| 008 | 121121s1986 ||||||||||||||||| || u | ||
| 020 | _a0043270794 | ||
| 050 | _aJX 1977.A495 Pet | ||
| 100 | _aPeterson, M. J | ||
| 245 | 1 | 4 |
_aThe general assembly in world politics _cby M. J. Peterson |
| 260 |
_aLondon: _bAllen and Unwin _c1986 |
||
| 300 | _axii, 320p.: ill. | ||
| 500 | _aIncludes Bibliography | ||
| 650 | _aWORLD POLITICS--1945-1989 | ||
| 650 | _aUNITED NATIONS, GENERAL ASSEMBLY | ||
| 650 | _aINTERNATIONAL RELATIONS | ||
| 995 |
_aSPECIAL COLLECTIONS _e500374 _FCBU-DAG HAMMARSKJOLD INSTITUTE LIBRARY _jDAG JX 1977.A495 Pet _M1 _UAVAILABLE _WDec 17, 2012 _y500374 _ZDHIPS Book Collection |
||
| 999 |
_c259 _d259 |
||